Seguir las huellas de Cristo (Record no. 140294)

MARC details
000 -LEADER
campo de control de longitud fija 00719nam a2200205 4500
001 - NÚMERO DE CONTROL
campo de control 140294
003 - IDENTIFICADOR DE NÚMERO DE CONTROL
campo de control ES-MaACL
005 - FECHA Y HORA DE LA ÚLTIMA TRANSACCIÓN
campo de control 20230906200041.0
007 - CAMPO FIJO DE DESCRIPCIÓN FÍSICA--INFORMACIÓN GENERAL
campo de control de longitud fija t|
008 - DATOS DE LONGITUD FIJA--INFORMACIÓN GENERAL
campo de control de longitud fija 070214s1970 sp r ||||1| spa d
245 00 - MENCIÓN DEL TÍTULO
Título Seguir las huellas de Cristo
Resto del título : programa de trabajo /
Mención de responsabilidad, etc. preparado por el Equipo Nacional Francés [de la Orden Franciscana Seglar ; versión española: Francisco Alzola].
260 ## - PUBLICACIÓN, DISTRIBUCIÓN, ETC.
Lugar de publicación, distribución, etc. Olite (Navarra) :
Nombre del editor, distribuidor, etc. P. Francisco Alzola,
Fecha de publicación, distribución, etc. 1970.
300 ## - DESCRIPCIÓN FÍSICA
Extensión 80 p. ;
Dimensiones 17 cm.
490 1# - MENCIÓN DE SERIE
Mención de serie Luz y Senda ;
Designación de volumen o secuencia 4
700 1# - ENTRADA AGREGADA--NOMBRE PERSONAL
Nombre de persona Alzola, Francisco.
9 (RLIN) 21060
710 2# - ENTRADA AGREGADA--NOMBRE DE ENTIDAD CORPORATIVA
Nombre de entidad corporativa o nombre de jurisdicción como elemento de entrada Orden Franciscana Seglar.
9 (RLIN) 6045
830 0# - PUNTO DE ACCESO ADICIONAL DE SERIE-TÍTULO UNIFORME
Título uniforme Luz y Senda ;
Designación de volumen o secuencia 4
9 (RLIN) 187213
852 ## - LOCALIZACIÓN
Ubicación ES-MaACL
Número de control de estantería C-42539
Sublocalización o colección R.74125
Holdings
Estatus retirado Estado de pérdida Estado de daño No para préstamo Biblioteca de origen Biblioteca actual Ubicación en estantería Fecha de adquisición Fuente de adquisición Total de préstamos Signatura topográfica completa Código de barras Visto por última vez Precio de reemplazo Tipo de ítem Koha
        Biblioteca del Ateneo de Madrid Biblioteca del Ateneo de Madrid Depósito 2 17/01/2008     C-42539 1145993 23/02/2023 23/02/2023 Libro impreso